Soccer/Football Clubs To Countries - Hard - Statistics

General Stats
  • This quiz has been taken 118 times
  • The average score is 10 of 15
Answer Stats
Club Answer % Correct
PAOK Greece
93%
Denizlispor Turkey
91%
Silkeborg IF Denmark
87%
APOEL Cyprus
85%
BATE Borisov Belarus
82%
NS Mura Slovenia
78%
Shabab Al-Ahli United Arab Emirates
74%
Godoy Cruz Argentina
72%
Juventude Brazil
71%
Slovacko Czechia
69%
Muangthong United Thailand
67%
Tractor-Sazi Iran
54%
Bnei Sakhnin Israel
54%
Enyimba Nigeria
41%
Sagrada Esperanca Angola
27%
No matching quizzes found
Score Distribution
Percent of People with Each Score
Percentile by Number Answered
Your Score History
You have not taken this quiz